Statistics for FIFA 17 Top 8 Forwards

Click here to take the quiz!

General Stats

  • This quiz has been taken 803 times
  • The average score is 8 of 8

Answer Stats

RankRatingTeamAnswer% Correct
2.93FC BarcelonaMessi
100%
1.94Real MadridRonaldo
100%
3.92FC BarcelonaNeymar
99%
4.92FC BarcelonaSuarez
99%
8.89Manchester CityAguero
97%
5.90Real MadridBale
95%
7.90Bayern MunichLewandowski
93%
6.90Manchester Utd.Ibrahimovic
87%

Score Distribution

Percentile by Number Answered

Percent of People with Each Score

Your Score History

You have not taken this quiz